| 000 | 00523nam a2200181 i 4500 | ||
|---|---|---|---|
| 001 | 76926 | ||
| 003 | ES-MaACL | ||
| 005 | 20250911063541.0 | ||
| 007 | t| | ||
| 008 | 041006q1901 sp ||||1| spa d | ||
| 100 | 1 |
_aGumplowicz, Ludwig, _d1838-1909 _9127643 |
|
| 245 | 1 | 3 |
_aLa lucha de razas / _cpor Luis Gumplowicz. |
| 260 |
_aMadrid : _b[s.n., _c1901?] ( _fHijos de F. Marqués) |
||
| 300 |
_a400 p. ; _c23 cm. |
||
| 650 | 7 |
_aSociología _2embne _917195 |
|
| 852 |
_aES-MaACL _jF-14851 |
||
| 999 |
_c76926 _d76926 |
||